banner-ar

الكسندر جراهام بل : صانع الاتصالات / (Record no. 7133)

MARC details
000 -الفاتح
حقل البيانات ثابتة الطول 00718nam a2200217Ia 4500
008 - عناصر البيانات ثابتة الطول - معلومات عامة
حقل البيانات ثابتة الطول 140319s9999 xx 000 0 ara d
020 ## - الرقم الدولى المعيارى للكتب
الرقم الدولى المعيارى للكتاب 2512321190
040 ## - مصدر الفهرسة
وكالة الفهرسة الأصلية GCL /
وكالة النسخ GCL
082 04 - رقم تصنيف ديوى العشرى
رقم التصنيف 608.7
رقم المادة م س
100 1# - المدخل الرئيسى - إسم شخصى
الإسم الشخصى باساتشوف، نعومى
245 10 - بيان العنوان
العنوان الكسندر جراهام بل : صانع الاتصالات /
بيان المسئوليه,etc باساتشوف، نعومى
260 ## - PUBLICATION, DISTRIBUTION, ETC. (IMPRINT)
تاريخ النشر أو التوزيع 2004
300 ## - الوصف المادى
التعداد 192 ص ؛
أبعاد الوعاء 24 سم
490 ## - بيان السلسلة
عنوان السلسلة سلسلة علماء عباقرة
رقم المجلد/ التعيين التسلسلي 0
650 04 - المدخل الاضافى بالموضوع-مصطلح موضوعى
مصطلح موضوعي المخترعون
650 04 - المدخل الاضافى بالموضوع-مصطلح موضوعى
مصطلح موضوعي العلماء - تراجم
650 04 - المدخل الاضافى بالموضوع-مصطلح موضوعى
مصطلح موضوعي الاتصال (علم)
650 04 - المدخل الاضافى بالموضوع-مصطلح موضوعى
مصطلح موضوعي الكسندر جراهام بل
942 ## - عناصر المدخل الإضافي( كوها)
مصدر التصنيف او مخطط الترفيف Dewey Decimal Classification
Koha [default] item type كتاب
260 ## - PUBLICATION, DISTRIBUTION, ETC. (IMPRINT)
-- الرياض :
-- مكتبة العبيكان ،
Holdings
حالة التراجع حالة الفقد حالة تلف ليس للاعارة المكان المؤقت الموقع الحالى تاريخ الاكتساب اجمالي اﻻعارات رقم الطلب الباركود تاريخ اخر مشاهدة تاريخ تفعيل السعر نوع وعاء كوها
        مكتبة القاهرة الكبرى مكتبة القاهرة الكبرى 03/26/2014   608.7\م س 14818 03/26/2014 03/26/2014 كتاب

Powered By

EGPV